Hispanoamérica en su literatura
Saved in:
| Hovedforfatter: | |
|---|---|
| Format: | Bog |
| Sprog: | spansk |
| Udgivet: |
Pamplona
Salvat
1970
|
| Serier: | Biblioteca Básica Salvat, 67
|
| Fag: | |
| Tags: |
Tilføj Tag
Ingen Tags, Vær først til at tagge denne postø!
|
MARC
| LEADER | 00000cam a2200000 a 4500 | ||
|---|---|---|---|
| 001 | UCT7421 | ||
| 003 | CL-VaPUC | ||
| 008 | 970117e19700000SP |||||||||||||||||spa|d | ||
| 082 | 0 | 4 | |a H860.9 |b DIA |2 21 |
| 100 | 0 | |a Díaz-Plaja, Guillermo |e author |9 376957 | |
| 245 | 1 | 0 | |a Hispanoamérica en su literatura |
| 300 | |a 176 p | ||
| 942 | |c BK | ||
| 945 | |d 19970117 00:00:00 |a nastorga | ||
| 260 | |a Pamplona |b Salvat |c 1970 | ||
| 650 | 0 | |a Literatura hispanoamericana |9 269097 | |
| 650 | 0 | |a Historia y crítica |9 257407 | |
| 650 | 0 | |a Humanismo |9 256530 | |
| 650 | 7 | |a DESCUBRIMIENTO |2 CL-VaPUC |9 321428 | |
| 650 | 0 | |a Poesía |9 265825 | |
| 650 | 0 | |a Política |9 255312 | |
| 650 | 0 | |a Religión |9 255164 | |
| 650 | 0 | |a Conquista |9 339504 | |
| 650 | 7 | |a LITERATURA BARROCA |2 CL-VaPUC |9 322524 | |
| 650 | 0 | |a Neoclasicismo |9 268667 | |
| 650 | 0 | |a Romanticismo |9 266698 | |
| 650 | 0 | |a Modernismo |9 267987 | |
| 583 | |a last modification |c 20150924 21:40:53 |k Rodrigo Vera | ||
| 490 | 0 | |a Biblioteca Básica Salvat, 67 | |
| 999 | |c 256045 |d 256043 | ||
| 952 | |0 0 |1 0 |4 0 |6 H_860_900000000000000_DIA_1970 |7 0 |8 A |9 278581 |a BIBEDU |b BIBEDU |d 2019-11-19 |i 3272168 |o H860.9 DIA 1970 |p 3272168 |r 2019-11-19 |w 2019-11-19 |y BK |k LIT | ||